<?xml version="1.0" encoding="UTF-8"?><?xml-stylesheet type="text/xsl" href="static/style.xsl"?><OAI-PMH xmlns="http://www.openarchives.org/OAI/2.0/" xmlns:xsi="http://www.w3.org/2001/XMLSchema-instance" xsi:schemaLocation="http://www.openarchives.org/OAI/2.0/ http://www.openarchives.org/OAI/2.0/OAI-PMH.xsd"><responseDate>2026-04-27T18:48:09Z</responseDate><request verb="GetRecord" identifier="oai:riubu.ubu.es:10259/9817" metadataPrefix="marc">https://riubu.ubu.es/oai/request</request><GetRecord><record><header><identifier>oai:riubu.ubu.es:10259/9817</identifier><datestamp>2024-12-20T09:42:19Z</datestamp><setSpec>com_10259.4_2543</setSpec><setSpec>com_10259_5086</setSpec><setSpec>com_10259_2604</setSpec><setSpec>col_10259.4_2544</setSpec></header><metadata><record xmlns="http://www.loc.gov/MARC21/slim" xmlns:doc="http://www.lyncode.com/xoai" xmlns:xsi="http://www.w3.org/2001/XMLSchema-instance" xmlns:dcterms="http://purl.org/dc/terms/" xsi:schemaLocation="http://www.loc.gov/MARC21/slim http://www.loc.gov/standards/marcxml/schema/MARC21slim.xsd">
<leader>00925njm 22002777a 4500</leader>
<datafield tag="042" ind1=" " ind2=" ">
<subfield code="a">dc</subfield>
</datafield>
<datafield tag="720" ind1=" " ind2=" ">
<subfield code="a">Fernández Hawrylak, María</subfield>
<subfield code="e">author</subfield>
</datafield>
<datafield tag="720" ind1=" " ind2=" ">
<subfield code="a">Alonso Martínez, Laura</subfield>
<subfield code="e">author</subfield>
</datafield>
<datafield tag="720" ind1=" " ind2=" ">
<subfield code="a">Sevilla Ortega, Elena</subfield>
<subfield code="e">author</subfield>
</datafield>
<datafield tag="720" ind1=" " ind2=" ">
<subfield code="a">Ruiz Ruiz, Mª Elena</subfield>
<subfield code="e">author</subfield>
</datafield>
<datafield tag="260" ind1=" " ind2=" ">
<subfield code="c">2023-10</subfield>
</datafield>
<datafield tag="520" ind1=" " ind2=" ">
<subfield code="a">La escuela ha de fomentar el aprendizaje académico junto con una educación integral. La educación sexual debe promover el aprendizaje del conocimiento sexual, combinando las ideas previas del alumnado con una información objetiva y rigurosa de la sexualidad humana, y fomentar la adquisición de actitudes positivas. Es el profesorado quien tiene que impartir la educación sexual en los centros educativos, para lo cual es necesario que posea las competencias y la formación adecuada en esta temática. En este artículo se presenta un estudio cualitativo realizado con docentes de la comunidad de Castilla y León. Se entrevistó a 17 profesoras/es con el objetivo de indagar cómo abordan las/los docentes la educación sexual y las prácticas educativas que emplean para introducirla en el aula y en los centros educativos de la comunidad. Se aplicó un análisis temático de contenido. Los resultados y conclusiones obtenidas ponen de manifiesto carencias formativas del profesorado en relación con los conocimientos sobre la educación sexual y las acciones para abordarla en el aula. Por tanto, esta circunstancia enfatiza la necesidad de mejorar y regular la formación docente en materia de sexualidad para que estos profesionales sean capaces de impartirla en los centros educativos.</subfield>
</datafield>
<datafield tag="520" ind1=" " ind2=" ">
<subfield code="a">School must encourage academic learning along with a comprehensive education. Sex education should promote the learning of sexual knowledge, combining the students' prior ideas with an objective and rigorous information about the human sexuality, and foster the acquisition of positive attitudes. The teaching staff is who have to impart sex education in the schools, so it is necessary that its members have been properly trained. We present a qualitative study carried out with teachers from the autonomous community of Castile and León. Seventeen teachers were interviewed in order to examine how schoolteachers approach sex education and the practices that they use to broach it in the classroom and in the schools in the region. A thematic analysis was applied. The results and conclusions obtained reveal training deficiencies of the teaching staff concerning knowledge about sex education and the actions to address it in the classroom. Therefore, this circumstance emphasizes the need for improve and regulate the teacher training in sexuality, so these professionals can impart it in schools.</subfield>
</datafield>
<datafield tag="024" ind2=" " ind1="8">
<subfield code="a">1697-5200</subfield>
</datafield>
<datafield tag="024" ind2=" " ind1="8">
<subfield code="a">http://hdl.handle.net/10259/9817</subfield>
</datafield>
<datafield tag="024" ind2=" " ind1="8">
<subfield code="a">10.35869/reined.v21i3.4977</subfield>
</datafield>
<datafield tag="024" ind2=" " ind1="8">
<subfield code="a">2172-3427</subfield>
</datafield>
<datafield ind1=" " ind2=" " tag="653">
<subfield code="a">Educación sexual</subfield>
</datafield>
<datafield ind1=" " ind2=" " tag="653">
<subfield code="a">Educación inclusiva</subfield>
</datafield>
<datafield ind1=" " ind2=" " tag="653">
<subfield code="a">Formación de profesores</subfield>
</datafield>
<datafield ind1=" " ind2=" " tag="653">
<subfield code="a">Estrategias educativas</subfield>
</datafield>
<datafield ind1=" " ind2=" " tag="653">
<subfield code="a">Investigación pedagógica</subfield>
</datafield>
<datafield ind1=" " ind2=" " tag="653">
<subfield code="a">Sex education</subfield>
</datafield>
<datafield ind1=" " ind2=" " tag="653">
<subfield code="a">Inclusive education</subfield>
</datafield>
<datafield ind1=" " ind2=" " tag="653">
<subfield code="a">Teacher training</subfield>
</datafield>
<datafield ind1=" " ind2=" " tag="653">
<subfield code="a">Educational strategies</subfield>
</datafield>
<datafield ind1=" " ind2=" " tag="653">
<subfield code="a">Pedagogical research</subfield>
</datafield>
<datafield tag="245" ind1="0" ind2="0">
<subfield code="a">Estudio cualitativo sobre estrategias docentes para abordar la educación sexual en el aula</subfield>
</datafield>
</record></metadata></record></GetRecord></OAI-PMH>